00498cam a22001457a 4500008004000000082001400040100001700054245008100071260002700152300001500179440002800194650005300222650004300275650003400318180718b1960 xxu||||| |||| 00| 0 eng d aDx73 R739 aRostow, W.W. aUnited states in the world arena: an essay in recent historycby W.W. Rostow aNew YorkbHarperc1960 axxii, 568p aAmerican Project Series aUnited States --Foreign relations --20th century aUnited States --History --20th century aWorld politics --20th century